000 00668nam a2200157 a 4500
008 081001s2008 ||||||||||||||||| || u
050 _aUN-ESCWA(02)
110 _aUnited Nations Economic and Social Commission for Western Asia (ESCWA)
245 1 0 _aImpact of industrial policies on the competitiveness of small and medium-sized enterprises
260 _aNew York
_bUNITED NATIONS
_c2008
300 _aix, 71p.: ill
350 _a0.00
650 _aIndustrial policy
650 0 _aSMALL BUSINESS
995 _D0.00
_FCBU-MAIN LIBRARY (Kitwe)
_H1
_I0.00
_M1
_UAVAILABLE
_WOct 2, 2008
_ZAnnex Low-Usage Collection
999 _c46290
_d46290